000 01238nam a2200289 a 4500
001 000021116
003 DO-SdBNP
005 20240307073947.0
008 100831s1982 dr 000 0 spa d
040 _aDO-SdBNP
_bspa
_cBNPHU
082 4 _a330.97293
_bS678do
_222
245 0 3 _aLa sociedad dominicana durante la segunda república /
_ceditor, Tirso Mejia-Ricart G.
260 _aSanto Domingo :
_bUASD,
_c1982.
300 _a399 p. ;
_c22 cm.
490 1 _aPublicaciones de la Universidad Autónoma de Santo Domingo
490 1 _aHistoria y sociedad
_v53
500 _aIncluye referencias bibliográficas y notas al pie de las páginas
590 _aInventariado, 2018/VM
651 4 _aRepública Dominicana
_xCondiciones económicas
_xHistoria
_91210
651 4 _aRepública Dominicana
_xCondiciones sociales
_xHistoria
_91211
651 4 _aRepública Dominicana
_xPolítica y gobierno
_y1844-1930.
_96961
700 1 _a Mejía-Ricart G., Tirso,
_d1936-2021
_q(Mejía-Ricart Guzmán)
_eed.
_91569
710 1 _aUniversidad Autónoma de Santo Domingo
_972951
830 0 _aPublicaciones de la Universidad Autónoma de Santo Domingo
_pHistoria y sociedad
_n53
_944149
910 _aValidado. Control de calidad MFF
942 _2ddc
_cLBS1
999 _c20618
_d20618